|
|
|
|
| LEADER |
00000nab a2200000 a 4500 |
| 001 |
vtls000903074 |
| 003 |
SK-MaSNL |
| 005 |
20260304172104.0 |
| 008 |
040720e19991228xo 0 slo |
| 035 |
|
|
|a KE12043
|
| 040 |
|
|
|a KEVKJB
|b slo
|c KEVKJB
|e AACR2
|
| 041 |
0 |
|
|a slo
|
| 044 |
|
|
|a xo
|c SK
|
| 080 |
|
|
|a 358.4
|2 1981
|
| 080 |
|
|
|a 797.555.2
|2 1981
|
| 100 |
1 |
|
|a Sambor, Miroslav
|4 aut
|9 872736
|
| 245 |
1 |
0 |
|a Žnú úspechy doma i vo svete
|b "Sme na nich hrdí", hovorí na adresu Bielych albatrosov pplk. Ing. Ladislav Lacko
|
| 610 |
2 |
7 |
|a Biele albatrosy (Košice, Slovensko)
|2 KEVKJB
|9 29685
|
| 650 |
0 |
7 |
|a prevádzka
|2 KEVKJB
|9 276812
|
| 650 |
0 |
7 |
|a úspechy
|2 KEVKJB
|9 873641
|
| 650 |
0 |
7 |
|a rozhovory
|2 KEVKJB
|9 453585
|
| 651 |
|
7 |
|a Košice (Slovensko)
|2 KEVKJB
|9 18694
|
| 651 |
|
7 |
|a KE,
|2 KEVKJB
|9 877256
|
| 655 |
|
7 |
|a periodikum
|2 snkbucl
|9 29553
|
| 700 |
1 |
0 |
|a Lacko, Ladislav
|4 aut
|9 274747
|
| 710 |
2 |
|
|a Biele albatrosy (Košice, Slovensko)
|4 aut
|9 29685
|
| 773 |
0 |
8 |
|t Košický večer
|g Roč. 10
|g Roč. 31, č.249, 28.12.1999, s. 3
|
| 852 |
|
|
|a ZVYKNI
|b KIS3GCP
|
| 999 |
|
|
|c 2996551
|d 2998481
|